000
00322nam a22001457a 4500
008
230613b ||||| |||| 00| 0 eng d
020
_a
9781608316700
041
_a
eng
080
_2
THIRD EDITION
_a
616
082
_a
616HOD
100
_a
14
101
_a
PTL
245
_a
BREAST PATHOLOGY
_c
HODA.A.S
942
_2
udc
_c
BK
999
_c
59945
_d
59945